LDR 00792naa#a2200169#i#450# 001 RU\\bibl\124571 005 20260607114730.7 011 ## _a2782-4586 100 ## _a20260204b2026####ek#y0rusy0150####ca 102 ## _aRU 200 1# _aК вопросу о методическом обеспечении управления устойчивым развитием территорий _eЖурнальная статья 210 1# _aМосква _cУниверситет ИТБО _d2026 215 ## _a4 с. 608 ## _aЖурнальная статья _2local 675 ## _aРегиональное, территориальное экономическое и социальное планирование, планы. 332.145 _z 700 #1 _aФилатова _gОльга Викторовна 856 4# _ajomeam.ru _u